000 02746nam a22004097a 4500
003 OSt
005 20260423184758.0
008 260423t2023 xxu||||| |||| 00| 0 eng d
020 _a9783031438271
020 _a9783031438264
040 _aUnicoc
_bspa
_c00001
_d00001
082 _a617.60285
100 _913038
_aOrhan, Kaan
245 _aArtificial intelligence in dentistry
_c/ Kaan Orhan, Rohan Jagtap
250 _a1 Ed.
260 _aSuiza :
_bSpringer ,
_c2023.
300 _a363 páginas
_bIlustraciones, diagramas, tablas, gráficas
500 _aIncluye Bibliografía
505 _t1. Introduction to artificial intelligence. --
_t2. Understanding of ai in dental field with technical aspects. --
_t3. Artificial intelligence from medicine to dentistry. --
_t4. Applications of artificial intelligence in dentistry. --
_t5. Applications of ai in endodontics and restorative dentistry. --
_t6. Artificial neural networks for the design optimization of implants. --
_t7. Outlook for ai in oral surgery and periodontics. --
_t8. AI in orthodontics. --
_t9. AI on oral mucosal lesion detection. --
_t10. Impact of ai in obstructive sleep apnea. --
_t11. Artificial intelligence in temporomandibular joint disorders. --
_t12. Artificial intelligence for 3D printing and bioprinting. --
_t13. Artificial intelligence in dental education. --
_t14. Advantages, disadvantages, and limitations of ai in dental health. --
_t15. Applications of machine learning and artificial intelligence in the Covid-19 pandemic. --
_t16. Médico-legal problems of artificial intelligence. --
_t17. Deep learning in image processing: part 1—types of neural networks, image segmentation. --
_t18. Future perspectives of artificial intelligence in dentistry.
526 _5Unicoc
546 _aInglés
650 0 _910540
_aInteligencia Artificial
_vAplicaciones médicas
650 0 _911097
_aOdontología digital
650 0 _913018
_aBioinformática
650 0 _913017
_aAprendizaje automático
_xMedicina
650 0 _913019
_aDiagnóstico médico
_vMétodos computarizados
650 0 _913040
_aImagenología dental
_vProcesamiento digital
658 0 _98315
_aPrograma de Odontología
658 0 _911722
_aEspecialización en Ortodoncia y Ortopedia Maxilar
658 0 _98071
_aEspecialización en Endodoncia
658 0 _98074
_aEspecialización en Rehabilitación Oral
658 0 _98072
_aEspecialización en Periodoncia
658 0 _98073
_aEspecialización en Prostodoncia
700 _913039
_aJagtap, Rohan
856 _yAcceso online exclusivo para comunidad Unicoc.
_uhttps://unicoceduco-my.sharepoint.com/:b:/g/personal/direccionbiblioteca_unicoc_edu_co/IQAAu5pgiigNTKchKmoG3jAHAY1v33yakcHxq5Xm1PtatYU
942 _2ddc
_cEBOOK
999 _c10876
_d10876